| 000 | 00533nam a22001817a 4500 | ||
|---|---|---|---|
| 003 | CEME | ||
| 005 | 20210628202651.0 | ||
| 008 | 210125b xxu||||| |||| 00| 0 eng d | ||
| 020 | _a81-203-2826-4 | ||
| 040 | _c. | ||
| 082 | _a515 AND | ||
| 100 |
_aAndrews, Larry .C Phillips, Ronald .L _960983 |
||
| 245 | _aMathematical techniques for engineering and scientists | ||
| 260 |
_aNEW DELHI _bPRENTICE HAL _c2003 |
||
| 300 | _aXV,797 P | ||
| 650 |
_aMATHEMATICAL TECHNIQUES FOR ENGINEERING AND SCIENTISTS _960984 |
||
| 942 |
_cBK _2ddc |
||
| 999 |
_c570568 _d570568 |
||